Kalahari : La tierra sin agua.
Guardado en:
| Formato: | |
|---|---|
| Series: | Fragil Planeta Tierra
|
| Materias: | |
| Etiquetas: |
Agregar Etiqueta
Sin Etiquetas, Sea el primero en etiquetar este registro!
|
| LEADER | 00870ngm a22002655g 4500 | ||
|---|---|---|---|
| 001 | CEM.cems021615 | ||
| 008 | 130507b1992##################0###0#####d | ||
| 005 | 20240830152516.0 | ||
| 245 | 0 | 0 | |a Kalahari : |b La tierra sin agua. |
| 300 | |a 52 | ||
| 490 | 0 | |a Fragil Planeta Tierra | |
| 500 | |a En soporte VHS, consultar en ventanilla. | ||
| 505 | 0 | |a Ecosistema del desierto. Especies que habitan el Kalahari. Modos de adaptación al ambiente seco. Alimentación. | |
| 538 | |a Soporte: VHS - Norma: Pal N - Color - Grabación DRD 1992 - Hitachi=3515 | ||
| 082 | 5 | 7 | |. 5/ACA |
| 653 | |a ECOLOGIA | ||
| 653 | |a AFRICA-GEOGRAFIA | ||
| 653 | |a AFRICA | ||
| 653 | |a GEOGRAFIA | ||
| 653 | |a KALAHARI | ||
| 653 | |a DESIERTOS | ||
| 653 | |a SEQUIA | ||
| 653 | |a ECOSISTEMA | ||
| 653 | |a NIVEL SECUNDARIO | ||
| 859 | |a CEMS |b BIB. CEMS - Depto. Recursos Didacticos |h 574.5 |i ACA |k DRD |p 258.12 |t Ej.1 | ||
